书目信息 |
| 书名: | An Agricultural Geography of Denmark | |
| 作者: | H.Aa.KAMPP. | |
| 分册号: | ||
| 分册名: | 出版地: | Budapest : |
|
| 出版社: | Akadémiai Kiadó | |
| 出版时间: | 1974. | |
| 页数: | 87, [1] p. : | |
| 开本: | 25 cm. | |
| 丛书名: | Geography of world agriculture | |
| 中图分类号: | ||
| 科图分类号: | ||
| 其他分类号: | F319.9 | |
| 主题词: | ||
| 电子资源: | ||
| 000 | 00697nam 2200253 a 4500 | |
| 001 | E0729425950 | |
| 005 | 20070425172811.64 | |
| 008 | uu | |
| 008 | 00010 eng | |
| 010 | @a75311527 | |
| 020 | @a963-05-0673-4. | |
| 043 | @an-us-ca | |
| 049 | @aN5LA | |
| 050 | 0 | @aS451.C2 @bG73 |
| 082 | @a630/.9794 | |
| 090 | @aF319.9 | |
| 099 | @dF319.9@ex1:5 | |
| 100 | 10 | @aKAMPP.H.Aa |
| 245 | 13 | @aAn Agricultural Geography of Denmark / @cH.Aa.KAMPP. |
| 260 | 0 | @aBudapest :@bAkadémiai Kiadó,@c1974. |
| 300 | @a87, [1] p. :@bill. ;@c25 cm. | |
| 440 | 0 | @aGeography of world agriculture ; @v5 |
| 650 | 0 | @aAgricultural geography @zCalifornia. @h1901 |
| 650 | 0 | @aAgriculture @zCalifornia. |
| An Agricultural Geography of Denmark / / H.Aa.KAMPP.-Budapest : : Akadémiai Kiadó, , 1974. |
| 87, [1] p. : : ill. ; ; 25 cm.- (Geography of world agriculture ; 5) |
| ISBN 963-05-0673-4. |
| ● |
| 相关链接 |
|
|
|
|
正题名:Agricultural Geography of Denmark
索取号:F319.9/x1:5
 
预约/预借
| 序号 | 登录号 | 条形码 | 馆藏地/架位号 | 状态 | 备注 |
| 1 | 183253 | 001170413 | 第二样本阅览室/ [索取号:F319.9/x1:5] | 在馆 |